| 000 | 00568nam a2200229Ia 4500 | ||
|---|---|---|---|
| 003 | OSt | ||
| 005 | 20220928111126.0 | ||
| 006 | a|||||r|||| 00| 0 | ||
| 007 | ta | ||
| 008 | 220927b |||||||| |||| 00| 0 san d | ||
| 024 | _a63064 | ||
| 037 | _cTextual | ||
| 040 |
_aSDCL _cSDCL _bsan |
||
| 041 |
_2san _asan |
||
| 082 | _aP15,10A3:28x1,1, M2 | ||
| 100 | _aVijaypal | ||
| 245 | 0 | _aNirukt- shlokvartikam | |
| 260 |
_aKolkata _c1982 |
||
| 300 |
_a591p. _ccm. |
||
| 942 |
_hP15,10A3:28x1,1, M2 _cTEXL _2CC |
||
| 999 |
_c737894 _d737894 |
||